000 00624 a2200181 4500
999 _c4462
_d4462
010 _aENG-86352
020 _a8131301958
_c250.00
035 _aEN-69885
037 _bDBAD / PUB
082 1 4 _a372.7044
100 1 _aSwarupa Rani T
245 1 _aA handbook for teachers :
_cby Swarupa Rani T
_bresearch in teaching of mathmatic /
260 _aNew Delhi
_bA P H Publishing
_c2007
270 _a5, Ansari Road, Darya Ganj
_bNew Delhi
_e110 002
_k011-23274050
_maphbooks@vsnl.net
300 _aix, 92 p.
_c23cm. (Hb.)
500 _aIncludes bibliographical references
942 _adpl
_cEN
_2ddc
_h372.7044
_mSWA